In Search of Freedom, Bread and Self-fulfilment
| Titel: | In Search of Freedom, Bread and Self-fulfilment : A Short History of Polish Emigrants in Fictional Film |
|---|---|
| Verfasser: | |
| In: |
Polish migration to the UK in the 'new' European Union, (2009), Seite 107-125 alle Artikel anzeigen |
| Veröffentlicht: | 2009 |
| Format: | Aufsatz |
| Sprache: | Englisch |
X
alg: 39257537
001A $01999:11-11-16
001B $01999:21-05-21 $t16:51:29.000
001D $01999:11-11-16
001U $0utf8
001X $00
002@ $0Aox
003@ $039257537X
007A $039257537X $aHEB
007T $0Herdc0069238m
010@ $aeng
011@ $a2009
021A $aIn Search of Freedom, Bread and Self-fulfilment $dA Short History of Polish Emigrants in Fictional Film
028A $aMazierska $dEwa
031A $h107-125 $j2009
039B $aIn $8--Aau--. Polish migration to the UK in the 'new' European Union. - Farnham {[u.a.] : Ashgate, c 2009. - XVIII, 241 S.. - Ill., graph. Darst.. - ISBN 978-0-7546-7387-3 $x200900000000000893 $9212964321
045F $a020.9438 $eDDC23BSB
045F/01 $a020
045F/03 $g438
lok: 39257537 78
exp: 39257537 78 1 #EPN
201B/01 $019-04-17 $t11:22:53.000
201U/01 $0utf8
203@/01 $0788673467
208@/01 $a11-11-16 $be
209A/01 $a/ $f000 $x00
220C/01 $aTitelaufnehmer: gk;tn
220C/01 $aHerkunft: HI Marburg
244Z/01 $2Trx $#Poola $#Lenkija $#Polija $#Polen Land $#Poland $#Lengyelország $#Poľsko $#Polsko $8--Trx--Polska$gkraj $x01 $9391345966
244Z/01 $aGeschichte 1950-2006 $x02
244Z/01 $2Trx $#Liebling, Roman $#Polanski, Roman $8--Trx--Polański, Roman$Z1933- $x03 $9390834874
244Z/01 $2Trx $8--Trx--Skolimowski, Jerzy$Z1938- $x04 $9390906638
244Z/01 $2Trx $8--Trx--Bareja, Stanisław$Z1929-1987 $x05 $9391069535
244Z/01 $2Trx $#väljarändamine $#emigracija $#emigration $#kivándorlás $#emigracja $#emigrácia $#emigrace $#Emigration $#vysťahovalectvo $#vystěhovalectví $8--Trx--Auswanderung $x06 $9391375334
244Z/01 $2Trx $#Solidarność 1980- $#"Solidarumas" 1980- $#Solidarity Poland, 1980- $#Szolidaritás Lengyelország 1980- $#NSZZ "Solidarność" 1980- $#Solidarność 1980- $#Solidarność 1980- $#solidaarsus 1980- $#Solidarität $#ruch zawodowy $#solidarita $#Solidarita Polsko $8--Trx--Solidarność$g1980- $x07 $939137396X
244Z/01 $2Trx $#film ja kino $#filmai ir kinas $#Movies and cinema $#film és mozi $#film i kino $#film a kino $#film a kino $#kinas $#Kino $#films $#cinema $#kino $#kino $8--Trx--Film und Kino $x08 $9391366556
244Z/01 $2Trx $8--Trx--Einzelbeiträge $x09 $9391384570
245Z/01 $a11.06 $x01
247C/01 $82080>Marburg/Lahn, Herder-Institut, Forschungsbibliothek, Bibliographieportal $9336309341
| LEADER | 00000caa a22000002c 4500 | ||
|---|---|---|---|
| 001 | 39257537X | ||
| 003 | DE-603 | ||
| 005 | 20210521165129.0 | ||
| 007 | tu | ||
| 008 | 161111s2009 xx |||| | u00||u|eng c | ||
| 035 | |a (DE-599)HEB39257537X | ||
| 040 | |a DE-603 |b ger |c DE-603 |d DE-603 | ||
| 041 | |a eng | ||
| 082 | 0 | 4 | |8 1\u |a 020.9438 |q DE-101 |2 23/BSB |
| 085 | |8 1\u |b 020 | ||
| 085 | |8 1\u |z 2 |s 438 | ||
| 100 | 1 | |a Mazierska, Ewa | |
| 245 | 0 | 0 | |a In Search of Freedom, Bread and Self-fulfilment |b A Short History of Polish Emigrants in Fictional Film |
| 264 | 0 | |c 2009 | |
| 773 | 0 | 8 | |i In |t Polish migration to the UK in the 'new' European Union |d Farnham [u.a.] : Ashgate, c 2009 |h XVIII, 241 S., Ill., graph. Darst. |z 9780754673873 |g (2009), Seite 107-125 |w (DE-603)212964321 |
| 924 | 0 | |9 2080 |a (DE-603)788673467 |b DE-2080 |c HES |d d |g / | |


